[Event "V Floripa Chess Open 2019"]
[Site "Florianopolis/SC"]
[Date "2019.01.25"]
[Round "7.3"]
[White "Hoffman, Alejandro"]
[Black "Rodriguez Vila, Andres"]
[Result "1/2-1/2"]
[WhiteElo "2454"]
[BlackElo "2480"]
[Annotator "TA"]
[PlyCount "24"]
[EventDate "2019.01.21"]
[EventRounds "10"]
[EventCountry "BRA"]

1. Nf3 Nf6 2. g3 d5 3. Bg2 e6 4. O-O Be7 5. c4 O-O 6. d4 c6 7. Qc2 Nbd7 8. Nbd2 h6 9. b3 a5 10. Bb2 Re8 11. Rad1 a4 12. e4 axb3 1/2-1/2

[Event "V Floripa Chess Open 2019"]
[Site "Florianopolis/SC"]
[Date "2019.01.25"]
[Round "7.4"]
[White "Supi, Luis Paulo"]
[Black "Goncalves, Davi Sulzbacher"]
[Result "1-0"]
[WhiteElo "2546"]
[BlackElo "2313"]
[PlyCount "47"]
[EventDate "2019.01.21"]
[EventRounds "10"]
[EventCountry "BRA"]

1. e4 c5 2. Nf3 Nc6 3. Bb5 g6 4. Bxc6 dxc6 5. d3 Bg7 6. h3 Nf6 7. Nc3 O-O 8. O-O Nd7 9. Be3 e5 10. Qd2 Qe7 11. Bh6 Re8 12. Bxg7 Kxg7 13. Nh2 h6 14. Ne2 Nf8 15. f4 exf4 16. Rxf4 Ne6 17. Qc3+ Kg8 18. Rf2 h5 19. Raf1 Rf8 20. Rf6 Bd7 21. Nf3 Rad8 22. e5 Be8 23. Qd2 Kg7 24. Ng5 1-0

[Event "V Floripa Chess Open 2019"]
[Site "Florianopolis/SC"]
[Date "2019.01.25"]
[Round "7.5"]
[White "Rodrigues, Edgar"]
[Black "Perdomo, Leandro"]
[Result "1/2-1/2"]
[WhiteElo "2312"]
[BlackElo "2470"]
[Annotator "TA"]
[PlyCount "40"]
[EventDate "2019.01.21"]
[EventRounds "10"]
[EventCountry "BRA"]

1. e4 e5 2. Nf3 Nc6 3. Bc4 Nf6 4. Ng5 d5 5. exd5 Na5 6. Bb5+ Bd7 7. Qe2 Be7 8. Nc3 Bxb5 9. Qxb5+ c6 10. dxc6 Nxc6 11. O-O O-O 12. Qxb7 Rc8 13. Qb5 h6 14. Nf3 e4 15. Ne5 Nd4 16. Qa4 Rc5 17. f4 Ra5 18. Qc4 Rc5 19. Qa4 Ra5 20. Qc4 Rc5 1/2-1/2

[Event "V Floripa Chess Open 2019"]
[Site "Florianopolis/SC"]
[Date "2019.01.25"]
[Round "7.6"]
[White "Matsuura, Everaldo"]
[Black "Guimaraes, Diogo Duarte"]
[Result "1/2-1/2"]
[WhiteElo "2468"]
[BlackElo "2278"]
[PlyCount "97"]
[EventDate "2019.01.21"]
[EventRounds "10"]
[EventCountry "BRA"]

1. e3 d5 2. c4 c6 3. Nf3 Nf6 4. b3 Bf5 5. Bb2 h6 6. Be2 e6 7. O-O Nbd7 8. d3 Bd6 9. Nc3 O-O 10. e4 Bh7 11. exd5 exd5 12. cxd5 Nxd5 13. Nxd5 cxd5 14. Qd2 Re8 15. Nd4 Qf6 16. Bg4 Bf4 17. Qc2 Ne5 18. Nf3 Bxd3 19. Qxd3 Nxd3 20. Bxf6 gxf6 21. Rad1 Ne5 22. Nxe5 fxe5 23. Rxd5 Rad8 24. Rfd1 Bg5 25. Bd7 Re7 26. g3 e4 27. Bb5 Rxd5 28. Rxd5 e3 29. fxe3 Bxe3+ 30. Kg2 a5 31. Bc4 b6 32. a4 Kg7 33. Rf5 f6 34. Rd5 Bc5 35. Rd8 h5 36. Bd3 Re3 37. Rd7+ Re7 38. Rd5 Re5 39. Rd8 Re6 40. Bc4 Rd6 41. Rxd6 Bxd6 42. h3 f5 43. Kf3 Kf6 44. Bb5 Kg5 45. h4+ Kg6 46. Bc6 Kh6 47. Bd7 Kg6 48. Be8+ Kh6 49. Bd7 1/2-1/2

[Event "V Floripa Chess Open 2019"]
[Site "Florianopolis/SC"]
[Date "2019.01.25"]
[Round "7.7"]
[White "Belmonte, Diego Mariano"]
[Black "Quintiliano Pinto, Renato R."]
[Result "0-1"]
[WhiteElo "2309"]
[BlackElo "2441"]
[PlyCount "66"]
[EventDate "2019.01.21"]
[EventRounds "10"]
[EventCountry "BRA"]

1. d4 Nf6 2. c4 e6 3. Nc3 Bb4 4. e3 O-O 5. Nge2 d5 6. a3 Be7 7. cxd5 exd5 8. Nf4 c6 9. Bd3 Re8 10. O-O Nbd7 11. f3 Nf8 12. Bc2 Bd6 13. e4 dxe4 14. fxe4 Bg4 15. Qd3 c5 16. e5 cxd4 17. exf6 dxc3 18. fxg7 Ng6 19. Nd5 Bc5+ 20. Kh1 Be2 21. Qf5 Bxf1 22. Bg5 Re5 23. Nf6+ Kxg7 24. Bh6+ Kxh6 25. Qh3+ Kg7 26. Qxh7+ Kf8 27. Qh6+ Ke7 28. Rxf1 Qd2 29. Qg7 Re1 30. Nd5+ Kd8 31. Qxf7 Rxf1+ 32. Qxf1 Qxc2 33. Nxc3 Qf2 0-1

[Event "V Floripa Chess Open 2019"]
[Site "Florianopolis/SC"]
[Date "2019.01.25"]
[Round "7.8"]
[White "Languidey, Simon Alejandro"]
[Black "Miguel, Gabriel Carvalho Mo"]
[Result "1/2-1/2"]
[WhiteElo "2416"]
[BlackElo "2246"]
[Annotator "TA"]
[PlyCount "82"]
[EventDate "2019.01.21"]
[EventRounds "10"]
[EventCountry "BRA"]

1. e4 c5 2. Nc3 e6 3. Nge2 Nc6 4. g3 d5 5. exd5 exd5 6. Bg2 d4 7. Nd5 Nf6 8. Nef4 Nxd5 9. Nxd5 Be6 10. Nf4 Bf5 11. O-O Be7 12. d3 O-O 13. Bd2 Qd7 14. a3 Bd6 15. Re1 Rfe8 16. Qf3 Rab8 17. h3 Ne5 18. Qd5 Ng6 19. Nxg6 hxg6 20. Rxe8+ Rxe8 21. Re1 Be6 22. Qf3 Rb8 23. Bf4 Qc7 24. Bxd6 Qxd6 25. h4 Bd7 26. Qd1 Kf8 27. Qd2 Bc6 28. Bxc6 Qxc6 29. Qg5 Qd6 30. h5 Re8 31. Rxe8+ Kxe8 32. hxg6 fxg6 33. Qg4 Qc6 34. Qf4 a6 35. f3 Qb5 36. Qe5+ Kf7 37. Qd5+ Kf6 38. b4 cxb4 39. Qxd4+ Qe5 40. Qd8+ Kf7 41. Qd7+ Kf6 1/2-1/2

[Event "V Floripa Chess Open 2019"]
[Site "Florianopolis/SC"]
[Date "2019.01.25"]
[Round "7.9"]
[White "Proudian, Armen"]
[Black "Muniz, Rafael"]
[Result "1-0"]
[WhiteElo "2413"]
[BlackElo "2236"]
[Annotator "RC"]
[PlyCount "107"]
[EventDate "2019.01.21"]
[EventRounds "10"]
[EventCountry "BRA"]

1. e4 c5 2. Nf3 d6 3. d4 cxd4 4. Nxd4 Nf6 5. Nc3 a6 6. Be3 e5 7. Nb3 Be7 8. f3 Be6 9. Qd2 O-O 10. O-O-O a5 11. a4 Na6 12. g4 Nb4 13. g5 Ne8 14. f4 exf4 15. Bxf4 Rc8 16. Nd4 Qb6 17. Kb1 d5 18. exd5 Rxc3 19. Qxc3 Nxd5 20. Qg3 Nd6 21. Bxd6 Bxd6 22. Qb3 Qxb3 23. Nxb3 Bf4 24. h4 Nb4 25. Bh3 Bd5 26. Rhf1 Be3 27. Rde1 Bb6 28. Nc1 Bc6 29. Re7 Bc5 30. Re5 b6 31. c3 Nd5 32. Rd1 Nf4 33. Bd7 Rd8 34. Bg4 Rf8 35. b3 Ng6 36. Re2 Nxh4 37. Nd3 Nf3 38. Nxc5 bxc5 39. Rd6 Ba8 40. Bxf3 Bxf3 41. Re5 f5 42. gxf6 gxf6 43. Rxc5 f5 44. Kc1 h5 45. Kd2 Bg4 46. Ke3 f4+ 47. Kf2 Re8 48. Rc7 f3 49. Kg3 Rf8 50. Rg6+ Kh8 51. Rgg7 Rd8 52. Rh7+ Kg8 53. Rcg7+ Kf8 54. Rh8+ 1-0

[Event "V Floripa Chess Open 2019"]
[Site "Florianopolis/SC"]
[Date "2019.01.25"]
[Round "7.10"]
[White "Teixeira, Ricardo Da Silva"]
[Black "Umetsubo, Cesar Hidemitsu"]
[Result "0-1"]
[WhiteElo "2228"]
[BlackElo "2407"]
[PlyCount "82"]
[EventDate "2019.01.21"]
[EventRounds "10"]
[EventCountry "BRA"]

1. Nf3 c5 2. c4 Nf6 3. Nc3 e6 4. g3 b6 5. Bg2 Bb7 6. O-O d6 7. d4 cxd4 8. Qxd4 a6 9. Rd1 Be7 10. Bg5 Nbd7 11. Qd2 O-O 12. Bf4 Ne8 13. e4 Qc7 14. Rac1 Rd8 15. Qe2 Ne5 16. Nd2 Nf6 17. h3 Rc8 18. b3 Qb8 19. Be3 Ned7 20. f4 Bc6 21. a4 Nc5 22. g4 Qb7 23. Bf2 Rfe8 24. a5 bxa5 25. Bxc5 dxc5 26. e5 Nd7 27. Ra1 Red8 28. Bxc6 Rxc6 29. Qf3 f6 30. exf6 Bxf6 31. Rac1 Rb6 32. Kg2 Qxf3+ 33. Kxf3 Bxc3 34. Rxc3 Rd6 35. Ke2 Nb6 36. Rcc1 a4 37. bxa4 Nxa4 38. Ne4 Rd4 39. Rxd4 Rxd4 40. Ke3 a5 41. Rb1 Rxe4+ 0-1

[Event "V Floripa Chess Open 2019"]
[Site "Florianopolis/SC"]
[Date "2019.01.25"]
[Round "7.11"]
[White "Mussanti, Diego"]
[Black "Frois, Vitor Amorim"]
[Result "0-1"]
[WhiteElo "2352"]
[BlackElo "2109"]
[PlyCount "68"]
[EventDate "2019.01.21"]
[EventRounds "10"]
[EventCountry "BRA"]

1. e4 Nf6 2. e5 Nd5 3. d4 d6 4. Nf3 Bg4 5. Be2 e6 6. O-O Be7 7. c4 Nb6 8. Nc3 O-O 9. Be3 Nc6 10. exd6 cxd6 11. d5 exd5 12. Nxd5 Nxd5 13. cxd5 Bxf3 14. Bxf3 Ne5 15. Be2 Bf6 16. Qb3 b6 17. Rac1 Nd7 18. Qa3 a5 19. Bb5 Nc5 20. Bc6 Rb8 21. b4 axb4 22. Qxb4 Nd3 23. Qb5 Nxc1 24. Rxc1 Qe7 25. Rb1 Bc3 26. g3 f5 27. a4 Qf6 28. Qd3 g5 29. Bxb6 f4 30. a5 fxg3 31. fxg3 Bd4+ 32. Kh1 Qf2 33. Qb3 g4 34. Bd7 Qf1+ 0-1

[Event "V Floripa Chess Open 2019"]
[Site "Florianopolis/SC"]
[Date "2019.01.25"]
[Round "7.12"]
[White "Japiassu, Ricardo De Villa No"]
[Black "Rangel, Daniel"]
[Result "0-1"]
[WhiteElo "1956"]
[BlackElo "2322"]
[PlyCount "50"]
[EventDate "2019.01.21"]
[EventRounds "10"]
[EventCountry "BRA"]

1. c4 Nf6 2. g3 c6 3. Nf3 d5 4. b3 g6 5. Bb2 Bg7 6. Bg2 O-O 7. O-O Bg4 8. d3 Re8 9. Nbd2 Nbd7 10. Ne5 Nxe5 11. Bxe5 Qd7 12. Re1 Qf5 13. d4 Bh3 14. f3 Bxg2 15. Kxg2 c5 16. e4 dxe4 17. fxe4 Qe6 18. Nf3 cxd4 19. Qxd4 Red8 20. Qb2 Rd3 21. Bd4 Rd8 22. e5 Qc6 23. Qe2 R8xd4 24. exf6 Rxf3 25. Qxf3 Rd2+ 0-1

[Event "V Floripa Chess Open 2019"]
[Site "Florianopolis/SC"]
[Date "2019.01.25"]
[Round "7.13"]
[White "Almeida, Gianluca Jorio"]
[Black "Cubas, Jose Fernando"]
[Result "0-1"]
[WhiteElo "2157"]
[BlackElo "2506"]
[Annotator "RC"]
[PlyCount "56"]
[EventDate "2019.01.21"]
[EventRounds "10"]
[EventCountry "BRA"]

1. c4 Nf6 2. Nc3 d5 3. cxd5 Nxd5 4. g3 g6 5. Bg2 Nxc3 6. bxc3 Bg7 7. Nf3 O-O 8. O-O Nc6 9. d4 Bg4 10. Nh4 Bd7 11. e4 Na5 12. Qe2 c5 13. Be3 a6 14. Rfd1 Ba4 15. Rd2 Bb5 16. Qf3 Nc4 17. Rdd1 Ba4 18. Rdc1 e6 19. Bf1 Nxe3 20. fxe3 Bc6 21. Bc4 b5 22. Bb3 c4 23. Bd1 f5 24. a4 g5 25. Ng2 Bxe4 26. Qf2 Qd5 27. axb5 axb5 28. Be2 Rf7 0-1

[Event "V Floripa Chess Open 2019"]
[Site "Florianopolis/SC"]
[Date "2019.01.25"]
[Round "7.14"]
[White "Calcado, Acyr Rogerio"]
[Black "Molina, Roberto Junio Brito"]
[Result "0-1"]
[WhiteElo "2141"]
[BlackElo "2458"]
[Annotator "TA"]
[PlyCount "42"]
[EventDate "2019.01.21"]
[EventRounds "10"]
[EventCountry "BRA"]

1. e4 e5 2. Nf3 Nc6 3. d4 exd4 4. Bc4 Nf6 5. e5 Ng4 6. O-O d6 7. exd6 Qxd6 8. Re1+ Be7 9. b3 O-O 10. Ba3 Qf6 11. Bxe7 Nxe7 12. Qxd4 Nc6 13. Qxf6 Nxf6 14. c3 Bg4 15. Nbd2 Rad8 16. h3 Bh5 17. Bb5 Nb8 18. Bc4 Rfe8 19. Rxe8+ Nxe8 20. Be2 Rxd2 21. Nxd2 Bxe2 0-1

[Event "V Floripa Chess Open 2019"]
[Site "Florianopolis/SC"]
[Date "2019.01.25"]
[Round "7.15"]
[White "Moura, Eduardo Eugenio Cha"]
[Black "Almiron, Antonio"]
[Result "0-1"]
[WhiteElo "2134"]
[BlackElo "2392"]
[PlyCount "80"]
[EventDate "2019.01.21"]
[EventRounds "10"]
[EventCountry "BRA"]

1. e4 c5 2. d4 cxd4 3. c3 dxc3 4. Nxc3 Nc6 5. Nf3 e6 6. Bc4 a6 7. O-O b5 8. Bb3 Bb7 9. Re1 Na5 10. Be3 Ne7 11. Nd5 exd5 12. exd5 d6 13. Nd4 Nxb3 14. axb3 Bxd5 15. Nf5 Qd7 16. Nxe7 Bxe7 17. Qxd5 O-O 18. Bd4 Rfe8 19. f4 Bf8 20. Rxe8 Qxe8 21. f5 Rc8 22. Qb7 Rc2 23. f6 Qc6 24. Qxc6 Rxc6 25. Re1 gxf6 26. Re8 d5 27. Rd8 Kg7 28. Rxd5 Rd6 29. Rxd6 Bxd6 30. Be3 Be5 31. Bc1 Kg6 32. h3 Kf5 33. Kf2 Ke4 34. Ke2 h5 35. Kd1 Bf4 36. Bxf4 Kxf4 37. Ke2 Kg3 38. Kf1 b4 39. Kg1 h4 40. Kh1 f5 0-1

[Event "V Floripa Chess Open 2019"]
[Site "Florianopolis/SC"]
[Date "2019.01.25"]
[Round "7.16"]
[White "Menna Barreto, Felipe Kubiaki"]
[Black "Broday, Geovani Allan"]
[Result "1-0"]
[WhiteElo "2389"]
[BlackElo "2129"]
[PlyCount "59"]
[EventDate "2019.01.21"]
[EventRounds "10"]
[EventCountry "BRA"]

1. d4 Nf6 2. Nf3 e6 3. Bg5 Be7 4. Nbd2 d5 5. e3 c5 6. c3 Nc6 7. Bd3 O-O 8. Ne5 Nxe5 9. dxe5 Nd7 10. Bf4 Re8 11. h4 Nf8 12. Nf3 f5 13. g4 Qb6 14. Rb1 Rd8 15. Rg1 Kf7 16. Ng5+ Bxg5 17. Bxg5 Re8 18. Qf3 g6 19. h5 Qc7 20. Bf6 c4 21. Bc2 Nd7 22. hxg6+ hxg6 23. gxf5 exf5 24. Qxd5+ Re6 25. Bxf5 Nxf6 26. exf6 Qe5 27. Bxg6+ Kxf6 28. Qd8+ Re7 29. Qf8+ Ke6 30. Rd1 1-0

[Event "V Floripa Chess Open 2019"]
[Site "Florianopolis/SC"]
[Date "2019.01.25"]
[Round "7.17"]
[White "Lopes Fo, Jorge Antonio Ferre"]
[Black "Coro, Lucas"]
[Result "0-1"]
[WhiteElo "2122"]
[BlackElo "2325"]
[PlyCount "128"]
[EventDate "2019.01.21"]
[EventRounds "10"]
[EventCountry "BRA"]

1. e4 c5 2. Nc3 Nc6 3. Nf3 e5 4. Bc4 Be7 5. d3 Nf6 6. Nd2 O-O 7. Nf1 d6 8. Ne3 Ne8 9. O-O Bg5 10. Ncd5 Kh8 11. f4 exf4 12. Nxf4 Ne5 13. Bb3 Nf6 14. Ned5 Nxd5 15. Bxd5 Bg4 16. Qd2 Qd7 17. Qe1 Rae8 18. h3 Bxf4 19. Bxf4 Be6 20. Qd2 f6 21. a4 b6 22. Bxe5 dxe5 23. Bxe6 Rxe6 24. b3 a6 25. Kh1 Qd4 26. Qe2 Rd6 27. Ra3 Qc3 28. Rfa1 Qd4 29. Rf1 Rd7 30. Kh2 Rdf7 31. Raa1 g6 32. Rae1 Kg7 33. Rf3 b5 34. axb5 axb5 35. Ref1 Ra8 36. Qe1 Ra6 37. Qh4 c4 38. bxc4 bxc4 39. Qg4 Rc7 40. Qh4 Rcc6 41. Rb1 Rcb6 42. Rbf1 Rc6 43. R1f2 Rab6 44. Rf1 Qc3 45. R1f2 Qd4 46. Rf1 Qd7 47. Qf2 Qc7 48. Qg3 Rb2 49. R1f2 c3 50. Re3 Qd8 51. Ref3 Ra6 52. Qh4 Rb1 53. Qg4 Rc1 54. Qh4 Qe7 55. Qg4 h5 56. Qh4 Rd1 57. g4 hxg4 58. Qxg4 Raa1 59. Rg2 Rh1+ 60. Kg3 Rag1 61. Rff2 Qa7 62. Qf3 Qb6 63. Rxg1 Rxg1+ 64. Kh2 Re1 0-1

[Event "V Floripa Chess Open 2019"]
[Site "Florianopolis/SC"]
[Date "2019.01.25"]
[Round "7.18"]
[White "Carstens Dobuchak, Thiago"]
[Black "Aranha Filho, Alvaro Z."]
[Result "1/2-1/2"]
[WhiteElo "2121"]
[BlackElo "2294"]
[PlyCount "56"]
[EventDate "2019.01.21"]
[EventRounds "10"]
[EventCountry "BRA"]

1. e4 c5 2. Nf3 e6 3. d4 cxd4 4. Nxd4 Nf6 5. Nc3 Nc6 6. Nxc6 bxc6 7. e5 Nd5 8. Ne4 Qc7 9. f4 Qa5+ 10. c3 Be7 11. a3 f5 12. Nf2 Qb6 13. Bd3 Bc5 14. Qe2 a5 15. O-O O-O 16. c4 Ne7 17. b3 Bd4 18. Rb1 c5 19. Bd2 Bb7 20. Be3 Nc6 21. Rfc1 Qc7 22. Bxd4 Nxd4 23. Qe3 d6 24. b4 axb4 25. axb4 dxe5 26. bxc5 Nc6 27. fxe5 Ra3 28. Re1 Na5 1/2-1/2

[Event "V Floripa Chess Open 2019"]
[Site "Florianopolis/SC"]
[Date "2019.01.25"]
[Round "7.19"]
[White "Riline, Alejandro"]
[Black "Villalba, Marcelo"]
[Result "1/2-1/2"]
[WhiteElo "2107"]
[BlackElo "2276"]
[PlyCount "32"]
[EventDate "2019.01.21"]
[EventRounds "10"]
[EventCountry "BRA"]

1. e4 e5 2. Nf3 Nc6 3. d4 exd4 4. Nxd4 Bb4+ 5. c3 Bc5 6. Nxc6 bxc6 7. Bd3 Qh4 8. Qf3 d6 9. Be3 Bxe3 10. Qxe3 Ne7 11. Nd2 O-O 12. Nf3 Qh5 13. Qg5 Bg4 14. Qxh5 Bxh5 15. Nd4 Bg6 16. O-O-O c5 1/2-1/2

[Event "V Floripa Chess Open 2019"]
[Site "Florianopolis/SC"]
[Date "2019.01.25"]
[Round "7.20"]
[White "Jodorcovsky Werjivker, Paulo"]
[Black "Heinechen, Juan"]
[Result "1/2-1/2"]
[WhiteElo "2259"]
[BlackElo "2105"]
[PlyCount "84"]
[EventDate "2019.01.21"]
[EventRounds "10"]
[EventCountry "BRA"]

1. Nf3 Nf6 2. e3 d5 3. c4 c5 4. cxd5 Nxd5 5. d3 g6 6. d4 cxd4 7. Qxd4 Nf6 8. Qxd8+ Kxd8 9. Ng5 Ke8 10. Bc4 e6 11. Nc3 Bd7 12. Nb5 Bxb5 13. Bxb5+ Nbd7 14. Bd2 Rc8 15. Bc3 Bg7 16. Rd1 Rd8 17. Bxd7+ Rxd7 18. Rxd7 Kxd7 19. Nxf7 Rg8 20. Ke2 Nd5 21. Bxg7 Rxg7 22. Ne5+ Kd6 23. Nc4+ Kc5 24. Rc1 Kb5 25. g3 g5 26. Nd6+ Kb4 27. e4 Rd7 28. Rc4+ Ka5 29. Rc5+ Kb6 30. Rc4 Rxd6 31. exd5 exd5 32. Rg4 h6 33. h4 gxh4 34. Rxh4 Kc5 35. Kd3 Rf6 36. f4 a5 37. Rg4 Rb6 38. Kc2 Kd4 39. Rg7 Rc6+ 40. Kd2 Rb6 41. Kc2 Rc6+ 42. Kd2 Rd6 1/2-1/2

[Event "V Floripa Chess Open 2019"]
[Site "Florianopolis/SC"]
[Date "2019.01.25"]
[Round "7.21"]
[White "Maia, Jose Eduardo Bastos"]
[Black "Matsuura, Frederico"]
[Result "1-0"]
[WhiteElo "2087"]
[BlackElo "2248"]
[PlyCount "91"]
[EventDate "2019.01.21"]
[EventRounds "10"]
[EventCountry "BRA"]

1. d4 Nf6 2. Bg5 d5 3. Bxf6 exf6 4. g3 Bd6 5. Bg2 c6 6. e3 h5 7. Ne2 h4 8. c4 dxc4 9. Nd2 hxg3 10. hxg3 Rxh1+ 11. Bxh1 Bg4 12. Qc2 Qa5 13. f3 Be6 14. Kf2 Qa6 15. Qh7 Bf8 16. Nf4 Qa5 17. Ne4 Bf5 18. Qh5 Qb5 19. Rb1 Bxe4 20. Qxb5 cxb5 21. fxe4 Nc6 22. Bf3 Kd7 23. Be2 Rc8 24. Bg4+ Kd8 25. Bxc8 Kxc8 26. Rh1 Kd7 27. Ke2 b4 28. Rh7 a5 29. Kd2 a4 30. Nh5 a3 31. bxa3 bxa3 32. Nxg7 Bb4+ 33. Kc2 Be1 34. Nf5 Nb4+ 35. Kb1 c3 36. Rxf7+ Kc6 37. d5+ Kc5 38. Nd4 b5 39. Nc2 Bxg3 40. Nxb4 Kxb4 41. Rxf6 Kc4 42. Kc2 b4 43. Rc6+ Kb5 44. Rg6 Bf2 45. e5 Kc5 46. e6 1-0

[Event "V Floripa Chess Open 2019"]
[Site "Florianopolis/SC"]
[Date "2019.01.25"]
[Round "7.22"]
[White "Campos, Alexandre Ferreira"]
[Black "Cruz, William Ferreira Da"]
[Result "0-1"]
[WhiteElo "2073"]
[BlackElo "2232"]
[PlyCount "67"]
[EventDate "2019.01.21"]
[EventRounds "10"]
[EventCountry "BRA"]

1. Nf3 Nf6 2. c4 g6 3. g3 Bg7 4. Bg2 O-O 5. O-O d6 6. d4 Nbd7 7. Nc3 e5 8. dxe5 dxe5 9. h3 c6 10. Qc2 Re8 11. a3 a5 12. Rb1 Nc5 13. Rd1 Qc7 14. e4 Nfxe4 15. Nxe4 Nxe4 16. b4 axb4 17. axb4 Nd6 18. Qe2 Be6 19. Nd2 Ra2 20. Bb2 Bf5 21. c5 Nb5 22. Be4 Bxh3 23. g4 Rxb2 24. Rxb2 Nc3 25. Qf3 Nxd1 26. Qxd1 Qd7 27. g5 Qd8 28. Kh2 Be6 29. b5 Qxg5 30. bxc6 bxc6 31. Bxc6 e4 32. Nxe4 Qh4+ 33. Kg1 Bxb2 34. Qe2 0-1

[Event "V Floripa Chess Open 2019"]
[Site "Florianopolis/SC"]
[Date "2019.01.25"]
[Round "7.23"]
[White "Carvalho, Rafael Cunha De"]
[Black "Burgos, Marcelo Alves"]
[Result "1/2-1/2"]
[WhiteElo "2071"]
[BlackElo "2198"]
[PlyCount "60"]
[EventDate "2019.01.21"]
[EventRounds "10"]
[EventCountry "BRA"]

1. Nf3 Nf6 2. g3 g6 3. Bg2 Bg7 4. O-O O-O 5. c4 d6 6. Nc3 e5 7. d3 Nc6 8. Rb1 a5 9. a3 Nd4 10. b4 axb4 11. axb4 c6 12. b5 Bg4 13. Bg5 h6 14. Be3 Nxf3+ 15. exf3 Be6 16. Qd2 Kh7 17. Rfc1 d5 18. bxc6 bxc6 19. cxd5 Nxd5 20. Bc5 Nxc3 21. Qxc3 Re8 22. Bb6 Qd7 23. Qxc6 Qxd3 24. Qe4 Bf5 25. Qxd3 Bxd3 26. Rb3 Rec8 27. Re1 Bc2 28. Rb5 Rab8 29. Bf1 Ba4 30. Rbb1 Bc6 1/2-1/2

[Event "V Floripa Chess Open 2019"]
[Site "Florianopolis/SC"]
[Date "2019.01.25"]
[Round "7.24"]
[White "Barbosa, Fernando"]
[Black "De Vjunior, Liduino Furtado"]
[Result "0-1"]
[WhiteElo "2182"]
[BlackElo "2052"]
[PlyCount "84"]
[EventDate "2019.01.21"]
[EventRounds "10"]
[EventCountry "BRA"]

1. e4 e6 2. Nf3 d5 3. Nc3 Nf6 4. e5 Nfd7 5. d4 c5 6. dxc5 Bxc5 7. Bd3 Nc6 8. Bf4 a6 9. O-O Be7 10. Qd2 h6 11. Bg3 g5 12. h3 h5 13. Qe2 Nc5 14. a3 b5 15. b4 Nxd3 16. cxd3 Qb6 17. Qd2 Rg8 18. Ne2 d4 19. Qb2 Bb7 20. Nd2 h4 21. Bh2 g4 22. hxg4 Rxg4 23. f3 Rg6 24. Ne4 O-O-O 25. Rac1 Kb8 26. Rc2 Bg5 27. Nc1 Be3+ 28. Kh1 Ne7 29. Nd6 Rxd6 30. exd6 Nf5 31. Rc5 Qxc5 32. g4 Qd5 33. Qg2 Ng3+ 34. Bxg3 hxg3 35. Qxg3 e5 36. d7 Rh6+ 37. Kg2 Bf4 38. Qe1 Qxd7 39. Kg1 Qxg4+ 40. fxg4 Rh1+ 41. Kf2 Rh2+ 42. Kg1 Rg2+ 0-1

[Event "V Floripa Chess Open 2019"]
[Site "Florianopolis/SC"]
[Date "2019.01.25"]
[Round "7.25"]
[White "Viana, Dirceu"]
[Black "Volkmann, Andre Jordi"]
[Result "1-0"]
[WhiteElo "2173"]
[BlackElo "1955"]
[PlyCount "83"]
[EventDate "2019.01.21"]
[EventRounds "10"]
[EventCountry "BRA"]

1. Nf3 d5 2. b3 c5 3. e3 Nf6 4. Bb2 Bg4 5. h3 Bh5 6. Bb5+ Nbd7 7. c4 a6 8. Ba4 Rb8 9. g4 b5 10. cxb5 axb5 11. Bxb5 Rxb5 12. gxh5 Qb8 13. h6 gxh6 14. Nc3 Rb7 15. Nxd5 Nxd5 16. Bxh8 f6 17. Rg1 Ne5 18. Bg7 Rd7 19. Nxe5 Qxe5 20. Bxf8 Kxf8 21. Rc1 Nb4 22. Qg4 Qg5 23. Qxg5 Nd3+ 24. Kf1 hxg5 25. Rc3 h5 26. Ke2 Nb4 27. a3 Na6 28. f3 Kf7 29. Rb1 Rb7 30. d4 cxd4 31. exd4 Nc7 32. b4 Nd5 33. Rc5 Nf4+ 34. Ke3 Nxh3 35. b5 Nf4 36. a4 h4 37. a5 h3 38. a6 Ra7 39. b6 Rxa6 40. b7 Re6+ 41. Kd2 Re2+ 42. Kc3 1-0

[Event "V Floripa Chess Open 2019"]
[Site "Florianopolis/SC"]
[Date "2019.01.25"]
[Round "7.26"]
[White "Pereira, Geanfrancesco"]
[Black "Zampronha, Wladimir Camilo"]
[Result "1-0"]
[WhiteElo "2028"]
[BlackElo "2171"]
[PlyCount "129"]
[EventDate "2019.01.21"]
[EventRounds "10"]
[EventCountry "BRA"]

1. c4 Nf6 2. Nc3 c5 3. g3 d5 4. cxd5 Nxd5 5. Bg2 Nc7 6. Nf3 Nc6 7. O-O e5 8. d3 Be7 9. Nd2 Bd7 10. a4 g5 11. Nc4 h5 12. Qb3 Rb8 13. Bxg5 Nd4 14. Qa2 Bxg5 15. Nd6+ Ke7 16. Qxf7+ Kxd6 17. Ne4+ Kc6 18. Nf6+ Kd6 19. Ne4+ Kc6 20. Nf6+ Kd6 21. Ne4+ Kc6 22. Qg6+ Nce6 23. Nxg5+ Kc7 24. Nf7 Be8 25. e3 Qd7 26. Qf6 Ne2+ 27. Kh1 Bxf7 28. Qxe5+ Qd6 29. Qf5 Bg8 30. Rfe1 Bh7 31. Qf7+ Qd7 32. Qxd7+ Kxd7 33. Rxe2 Bxd3 34. Rd2 c4 35. Bf1 Ke7 36. Bxd3 Rbd8 37. Rad1 cxd3 38. Rxd3 Rxd3 39. Rxd3 Nc5 40. Rd5 b6 41. a5 Ke6 42. Rg5 Kf6 43. f4 h4 44. axb6 axb6 45. Kg2 hxg3 46. hxg3 Rc8 47. Kf3 Rc6 48. g4 Ne6 49. Rb5 Nc7 50. Rh5 Kg7 51. Rh2 b5 52. f5 b4 53. Rd2 Na6 54. Rd7+ Kf8 55. g5 Nc5 56. Rd4 b3 57. Rc4 Kf7 58. Kg4 Nd3 59. g6+ Kg8 60. Ra4 Nxb2 61. Ra8+ Kg7 62. Kg5 Rc5 63. Ra7+ Kg8 64. Kh6 Rc8 65. f6 1-0

[Event "V Floripa Chess Open 2019"]
[Site "Florianopolis/SC"]
[Date "2019.01.25"]
[Round "7.27"]
[White "Madeira, Wagner Martins"]
[Black "Cardoso, Andre Felipe De Lim"]
[Result "1-0"]
[WhiteElo "2170"]
[BlackElo "1948"]
[PlyCount "61"]
[EventDate "2019.01.21"]
[EventRounds "10"]
[EventCountry "BRA"]

1. e4 c5 2. c3 d5 3. exd5 Qxd5 4. d4 Nf6 5. Nf3 Bg4 6. Be2 e6 7. h3 Bxf3 8. Bxf3 Qd7 9. dxc5 Qc7 10. b4 Be7 11. O-O Nc6 12. Na3 a6 13. Nc4 Rd8 14. Qb3 Rd3 15. Be3 Nd5 16. Bxd5 Rxd5 17. Rad1 Rxd1 18. Rxd1 O-O 19. Rd3 Bf6 20. Qd1 Bxc3 21. Rxc3 Nxb4 22. Qd6 Rc8 23. Rb3 Nd5 24. Qxc7 Rxc7 25. Bd2 f6 26. f3 e5 27. Be1 Nf4 28. Nd6 Kf8 29. Rxb7 Rxb7 30. Nxb7 Ke7 31. c6 1-0

[Event "V Floripa Chess Open 2019"]
[Site "Florianopolis/SC"]
[Date "2019.01.25"]
[Round "7.28"]
[White "Filgueiras, Nathan Felipe"]
[Black "Da Silva, Joao Carlos Orguim"]
[Result "1-0"]
[WhiteElo "2161"]
[BlackElo "1762"]
[PlyCount "105"]
[EventDate "2019.01.21"]
[EventRounds "10"]
[EventCountry "BRA"]

1. e4 c5 2. Nf3 Nc6 3. d4 cxd4 4. Nxd4 g6 5. c4 Nf6 6. Nc3 Nxd4 7. Qxd4 d6 8. Be2 Bg7 9. Be3 O-O 10. Qd2 Be6 11. Rc1 Qa5 12. f3 Rfc8 13. b3 a6 14. Na4 Qxd2+ 15. Kxd2 Rc6 16. Nb6 Rd8 17. Nd5 Kf8 18. g4 Rdc8 19. h4 Bd7 20. Nb4 Rc5 21. Bxc5 Rxc5 22. Nd5 Ng8 23. b4 Rc6 24. b5 Rc5 25. Nf4 a5 26. Nd3 Rc8 27. c5 d5 28. exd5 Bxb5 29. Nf2 Bd7 30. g5 Bd4 31. Nd3 Bf5 32. c6 b6 33. Rc4 Bh8 34. Rb1 Bxd3 35. Bxd3 Be5 36. Rxb6 e6 37. dxe6 fxe6 38. Rb7 Ne7 39. Be4 Bg3 40. Bc2 Rxc6 41. Rxc6 Nxc6 42. Rxh7 Nd4 43. Bxg6 Nxf3+ 44. Ke3 Nxh4 45. Be4 Kg8 46. Ra7 Be1 47. Re7 Bc3 48. Rxe6 Kf7 49. Rh6 Be1 50. Rh7+ Kg8 51. g6 Bg3 52. Bd5+ Kf8 53. g7+ 1-0